000 00491nam a2200181Ia 4500
003 GCL
008 140319s9999 xx 000 0 eng d
040 _aGCL /
_cGCL
082 0 4 _a371.71
_bA D
100 1 _aAMES, EVELYM
245 1 0 _aDESIGNING SCHOOL HEALTH CURRICULA : PLANNING FOR GOOD HEALTH /
_cAMES, EVELYM
260 _a[S.N] :
_bWM. C. BROWIN COMMUNICATIONS, INC ،
_c1995
300 _a241 P
650 0 4 _aEDUCATION
650 0 4 _aHEALTH
650 0 4 _aSCHOOL
942 _2ddc
_cBK
999 _c11997
_d11997